000 00456nam a2200133Ia 4500
008 260210s9999 xx 000 0 und d
024 _a00A-028-CE, 00A-012-CE & 00A-034-CE
082 _a620.46072 ANS
100 _aTaha Ahmed Ansari, Adeel Ahmed Aqeel & Syed Abdul Qavi
245 0 _aGeneral Purpose Wireless Remote Control
260 _aKarachi:
_bUITU,
_c2000
600 _aComputer System Engineering
650 _aBachelor of Engineering (BE)
999 _c32649
_d32649